000 00761nam a2200229Ii 4500
003 JO-AjNU
008 230605s9999||||xx |||||||||||||| ||und||
017 _a2012/20676
020 _a978-977-6223-39-3
040 _aJO-AjNU
_bara
_erda
_cJO-AjNU
041 _aara
050 1 4 _aK5297.2013
100 3 _a البهجى، ايناس محمد ,
_eauthor
_944407
245 0 0 _aجرائم الاتجار بالبشر
250 _aط1
264 3 1 _aالقاهرة : المركز القومي للاصدارات القانونية ، 2013
300 _a392ص
336 _atext
_btxt
_2rdacontent
337 _aunmediated
_bn
_2rdamedia
338 _avolume
_bnc
_2rdacarrier
650 4 _aالاتجار بالبشر -- قوانين وتشريعات
_944408
999 _aA19173
_c22741
_d22741